000 00470nam a2200193Ia 4500
003 OSt
005 20221005130030.0
006 a|||||r|||| 00| 0
007 ta
008 221004b |||||||| |||| 00| 0 eng d
024 _a112772
037 _cTextual
040 _aCRL
_cCRL
_beng
041 _2eng
_aeng
100 _aSingh Harmeet
_9631745
245 0 _aPuran Nath Joghi Ate Ek Jangle Fool
942 _cTEXL
_2cc
999 _c1055856
_d1055856